000 01815nam2a2200301 4500
001 RU\NLR\BIBL_A\011799921
005 20250626133211.0
035 _a(NLR Aleph) 011799921
090 _a11866535
_c11866535
100 _a20180927d2018 |||y0rusy50 ca
101 0 _arus
_deng
102 _aRU
105 _aa z 000yy
200 1 _aТруды Всероссийской конференции "XVII Сибирская научная школа-семинар с международным участием "Компьютерная безопасность и криптография" - SIBECRYPT'18" (Абакан, 3-8 сентября 2018 г.)
210 _d2018
_aБ. м.
215 _a159 с.
_cил.
_d29
300 _aРез. на англ. яз.
320 _aБиблиогр. в конце ст.
461 0 _1001RU\NLR\Per\638608
_12001#$aПрикладная дискретная математика$iПриложение$v№ 11
_93341790
_cТомск
_d2009 -
_iПриложение
_nТомский государственный университет
_tПрикладная дискретная математика
_v№ 11
606 1 _aКомпьютерная криптография
_jСъезды, совещания и т.п
_92083062
_3RU\NLR\AUTH\661259110
606 1 _aКомпьютеры
_jСъезды, совещания и т.п
_xБезопасность
_92096141
_3RU\NLR\AUTH\661268243
686 1 _aЗ973.2-082.03я431(2)
710 1 2 _a"Компьютерная безопасность и криптография", сибирская научная школа-семинар с международным участием
_d17
_eАбакан
_f2018
_9625978
_3RU\NLR\AUTH\880482730
852 _aNLR
_jП8/1704
942 _cISSUE
980 _aNB
980 _aRUSPER